Data structures using C and C++ (Record no. 4522)
[ view plain ]
| 000 -LEADER | |
|---|---|
| fixed length control field | 00823 a2200229 4500 |
| 020 ## - INTERNATIONAL STANDARD BOOK NUMBER | |
| International Standard Book Number | 0132328771 |
| 040 ## - CATALOGING SOURCE | |
| Original cataloging agency | DLC |
| Language of cataloging | DLC |
| 082 00 - DEWEY DECIMAL CLASSIFICATION NUMBER | |
| Classification number | 005.73 |
| 100 1# - MAIN ENTRY--PERSONAL NAME | |
| Personal name | Langsam, Yedidyah, |
| 245 10 - TITLE STATEMENT | |
| Title | Data structures using C and C++ |
| Statement of responsibility, etc. | Yedidyah Langsam, Moshe J. Augenstein, Aaron M. Tenenbaum. |
| 250 ## - EDITION STATEMENT | |
| Edition statement | 2nd ed. |
| 260 ## - PUBLICATION, DISTRIBUTION, ETC. | |
| Place of publication, distribution, etc. | Upper Saddle River, N.J. : |
| Name of publisher, distributor, etc. | Prentice Hall, |
| Date of publication, distribution, etc. | c1996. |
| 300 ## - PHYSICAL DESCRIPTION | |
| Extent | xvi, 672 p. : |
| Other physical details | ill. ; |
| Dimensions | 24 cm. |
| 500 ## - GENERAL NOTE | |
| General note | Rev. ed. of: Data structures using C / Aaron M. Tenenbaum, Yedidyah Langsam, Moshe J. Augenstein. c1990. |
| 650 #0 - SUBJECT ADDED ENTRY--TOPICAL TERM | |
| Topical term or geographic name entry element | C (Computer program language) |
| 650 #0 - SUBJECT ADDED ENTRY--TOPICAL TERM | |
| Topical term or geographic name entry element | C++ (Computer program language) |
| 650 #0 - SUBJECT ADDED ENTRY--TOPICAL TERM | |
| Topical term or geographic name entry element | Data structures (Computer science) |
| 700 1# - ADDED ENTRY--PERSONAL NAME | |
| Personal name | Augenstein, Moshe, |
| Dates associated with a name | 1947- |
| 700 1# - ADDED ENTRY--PERSONAL NAME | |
| Personal name | Tenenbaum, Aaron M. |
| 700 1# - ADDED ENTRY--PERSONAL NAME | |
| Personal name | Tenenbaum, Aaron M. |
| 942 ## - ADDED ENTRY ELEMENTS (KOHA) | |
| Koha item type | Book |
| Call number prefix | 005.73 LAN |
| Source of classification or shelving scheme | |
| Withdrawn status | Lost status | Damaged status | Not for loan | Collection code | Permanent Location | Current Location | Shelving location | Date acquired | Source of acquisition | Total Checkouts | Full call number | Barcode | Date last seen | Date last checked out | Price effective from | Koha item type |
|---|---|---|---|---|---|---|---|---|---|---|---|---|---|---|---|---|
| Central Library (CL) | Central Library (CL) | First Floor - Operating System/ Data Structure | 12/17/2008 | Donation | 1 | 005.73 LAN | SEECSD00205 | 01/22/2020 | 09/19/2019 | 01/05/2017 | Book |
